000
00278nam a2200109 a 4500
005
20140414132003.0
008
110212s19uu xx 00 eng d
050
_a
TR 793.73
_b
P99 2003
245
_a
Learn and play 7.
440
_a
Educational Activity Exercises
999
_c
113123
_d
113123